1294 1510 1027 1338 1017 1359 1491 1773 1358 1707 1181 1188 1571 1673 1963 1659 1347 1111 1721 1543 1225 1755 1282 1076 1640 1386 1337 1475 1429 1571 1774 1647 1400 1494 1208 1859 1939 1150 1141 1861 1008 1603 1822 1254 1226 1641 1055 1120 1046 1576 1651 1688 1047 1811 1064 1970 1919 1418 1651 1992 1498 1877 1921 1009 1611 1222 1019 1853 1749 1255 1335 1886 1798 1995 1977 1325 1618 1027 1198 1506 1622 1071 1639 1708 1586 1200 1188 1175 1390 1435 1155 1841 1963 1311 1905 1970 1545 1166 1965 BCNSPRNW ULIB Ver.6.0+V

เปลี่ยนเป็นภาษาไทย

Change to English
 แสดงรายละเอียดบรรณานุกรม
  กลับหน้าหลัก

Brief Record : Get Marc (ISO 2709) : E-mail record : QR code < ปิดหน้าต่าง
LEADER : 00000nam 2200000uu 4500
001    13399111609
003     ULIB
008    110704s2550||||th 000 0 tha d
020    9789747878219
060 04 QV55^bศ322ค 2550
100 0  ศักดิ์ บวร
245 10 คู่มือใช้ยา: คู่มืออ้างอิงความรู้เรื่องยาที่พลาดไม่ได้ /^cศักดิ์บวร, เรียบเรียง
250    พิมพ์ครั้งที่ 5
260    กรุงเทพฯ :^bสมิต,^c2550
300    143 หน้า :^bภาพประกอบ
650  7 การใช้ยา
945    ^p90^l0^i14117
945    ^p90^l0^i14116
995     กัณชพร
999    ^aใช้งานได้ทุกระบบ
รายการนี้ยังไม่มีแท็ก
คุณยังไม่ได้ล็อกอิน คุณสามารถมีกิจกรรมร่วมกับเว็บไซต์ได้ แต่ต้องล็อกอินก่อน ::
  ล็อกอิน

รายการสื่อสารสนเทศ

ลำดับที่ ประเภท เลขเรียก/บาร์โค้ด สถานที่ สถานะ
- ไม่พบข้อมูล -

รายการใกล้เคียง
    ผู้แต่ง [ศักดิ์ บวร]

    หัวเรื่อง [การใช้ยา]

BibComment


ยังไม่เคยถูกคอมเมนท์

คอมเมนท์ทรัพยากรรายการนี้
  คอมเมนท์: คู่มือใช้ยา คู่มื..


 Copyright 2026. Bcnsprnw @Library